01184nam a2200217 i 4500001000700000003000900007005001700016008004100033040002000074100003800094245013200132250011100264260005600375300008600431505019600517530003500713546002300748700003400771852007200805856008900877160124ES-MaACL20251005063125.0931025s1793 sp a |||| | spa d aCYL bspa cPAB1 aMorales, Ambrosio de, d1513-159110aOpúsculos castellanos de Ambrosio de Morales ...: ba los que se han añadido otros varios ... : tomo primero [- tomus III]. aAhora por la primera vez impresos, ordenados, y anotados .../ por el P. Fr. Francisco Valerio Cifuentes... aMadrid : ben la oficina de D. Benito Cano, c1793. a3 t. (XII, 476 p. ; 398 p., [2] en bl., [1] h. de lám. pleg.; 280 p. ; c22 cm.8 at. 2: Noticias historicas sacadas del Archivo de Uclès ... y del testamento del infante Don Enrique con un cronicon hasta ahora no publicado -- t. 3: Ambrosii Morales Opuscula historica ... aDisponible en formato digital. aTomo 3 en latín.0 aCifuentes, Francisco Valerio. aES-MaACLjR-311-13 z-- Enc. pasta española x Olim: B-219-221 uhttp://bdh-rd.bne.es/viewer.vm?id=0000008338&page=1 zBiblioteca Digital Hispánica